000 00692nam a2200241 a 4500
008
049 _aMAIN
090 _aQA276
_bKEN
100 1 _aKenney, John F.
245 1 0 _aMathematics of statistics /
_cby J. F. Kenney and E. S. Keeping.
250 _a3rd ed.
260 _aToronto :
_bVan Nostrand company,
_cc1954.
300 _axi, 348 p. ;
_c23 cm.
504 _aIncludes bibliographical references.
500 _aIncludes index.
650 0 _aMathematical statistics.
700 1 _aKeeping, E. S.
907 _a.b10046793
_b16-04-12
_c17-04-03
003
005 20230123133218.0
040 _cNUST
942 _cBOOKS
_kQA276
_mKEN
999 _c144683
_d144683